<?xml version="1.0" encoding="UTF-8"?><?xml-stylesheet type="text/xsl" href="static/style.xsl"?><OAI-PMH xmlns="http://www.openarchives.org/OAI/2.0/" xmlns:xsi="http://www.w3.org/2001/XMLSchema-instance" xsi:schemaLocation="http://www.openarchives.org/OAI/2.0/ http://www.openarchives.org/OAI/2.0/OAI-PMH.xsd"><responseDate>2026-06-02T05:57:03Z</responseDate><request verb="GetRecord" identifier="oai:riuma.uma.es:10630/35632" metadataPrefix="marc">https://riuma.uma.es/rest/oai/request</request><GetRecord><record><header><identifier>oai:riuma.uma.es:10630/35632</identifier><datestamp>2026-02-03T11:19:54Z</datestamp><setSpec>com_10630_2254</setSpec><setSpec>col_10630_37953</setSpec></header><metadata><record xmlns="http://www.loc.gov/MARC21/slim" xmlns:dcterms="http://purl.org/dc/terms/" xmlns:doc="http://www.lyncode.com/xoai" xmlns:xsi="http://www.w3.org/2001/XMLSchema-instance" xsi:schemaLocation="http://www.loc.gov/MARC21/slim http://www.loc.gov/standards/marcxml/schema/MARC21slim.xsd">
   <leader>00925njm 22002777a 4500</leader>
   <datafield ind2=" " ind1=" " tag="042">
      <subfield code="a">dc</subfield>
   </datafield>
   <datafield ind2=" " ind1=" " tag="720">
      <subfield code="a">Martinho Almagro, Teresa</subfield>
      <subfield code="e">author</subfield>
   </datafield>
   <datafield ind2=" " ind1=" " tag="720">
      <subfield code="a">Smolak-Lozano, Emilia</subfield>
      <subfield code="e">author</subfield>
   </datafield>
   <datafield ind2=" " ind1=" " tag="260">
      <subfield code="c">2022</subfield>
   </datafield>
   <datafield ind2=" " ind1=" " tag="520">
      <subfield code="a">The digitization of the public sphere has led to a greater visibility of collective citizen action and its participation as a political and social actor. The objective of this study focuses on the analysis of the digital citizen activism platforms of the retirement'associations movement in Spain through its social networks and platforms, with a case study of its main associations (COESPE and MERP) and its video content. The results extracted bring us closer to conceiving them as grassroots from their bases in the defense of their demands and visual identity of their main political and social actors.</subfield>
   </datafield>
   <datafield ind1="8" ind2=" " tag="024">
      <subfield code="a">Martinho Almagro, T., &amp; Smolak Lozano, E. (2022). Digital Grassroots Movements Within the Elderly: Case study analysis of online social protests in Spain about a retirement pay reform. VISUAL REVIEW. International Visual Culture Review Revista Internacional De Cultura Visual, 10(3), 1–15. https://doi.org/10.37467/revvisual.v9.3605</subfield>
   </datafield>
   <datafield ind1="8" ind2=" " tag="024">
      <subfield code="a">https://hdl.handle.net/10630/35632</subfield>
   </datafield>
   <datafield ind1="8" ind2=" " tag="024">
      <subfield code="a">10.37467/revvisual.v9.3605</subfield>
   </datafield>
   <datafield tag="653" ind2=" " ind1=" ">
      <subfield code="a">Comunicación social</subfield>
   </datafield>
   <datafield ind2="0" ind1="0" tag="245">
      <subfield code="a">Grassroots digital en la tercera edad: análisis de estudio de caso sobre las protestas en redes sociales de las pensiones en España</subfield>
   </datafield>
</record>
</metadata></record></GetRecord></OAI-PMH>